| 000 | 01774nam a2200385 a 4500 | ||
|---|---|---|---|
| 001 | ebr10443369 | ||
| 003 | CaPaEBR | ||
| 006 | m u | ||
| 007 | cr cn||||||||| | ||
| 008 | 100511s2011 caua sb 001 0 eng d | ||
| 010 | _z 2010020056 | ||
| 020 | _z9780520258501 (cloth : alk. paper) | ||
| 020 | _z9780520258518 (pbk. : alk. paper) | ||
| 020 | _z9780520947856 (e-book) | ||
| 040 |
_aCaPaEBR _cCaPaEBR |
||
| 035 | _a(OCoLC)712769128 | ||
| 043 | _af-ua--- | ||
| 050 | 1 | 4 |
_aBF1078 _b.M485 2011eb |
| 082 | 0 | 4 |
_a154.6/3096216 _222 |
| 100 | 1 |
_aMittermaier, Amira, _d1974- |
|
| 245 | 1 | 0 |
_aDreams that matter _h[electronic resource] : _bEgyptian landscapes of the imagination / _cAmira Mittermaier. |
| 260 |
_aBerkeley : _bUniversity of California Press, _c2011. |
||
| 300 |
_axv, 308 p. : _bill. |
||
| 504 | _aIncludes bibliographical references and index. | ||
| 505 | 0 | _aIntroduction : studying dreams in undreamy times -- Dream trouble -- Thresholds of interpretation -- Seeing the (in)visible -- Poetry and prophecy -- The ethics of the visitational dream -- Royal road into the unknown -- Virtual realities, visionary realities -- Afterword : the politics of dreaming. | |
| 533 |
_aElectronic reproduction. _bPalo Alto, Calif. : _cebrary, _d2011. _nAvailable via World Wide Web. _nAccess may be limited to ebrary affiliated libraries. |
||
| 650 | 0 |
_aDreams _zEgypt. |
|
| 650 | 0 |
_aDream interpretation _zEgypt. |
|
| 650 | 0 |
_aDreams _xReligious aspects _xIslam _vCase studies. |
|
| 650 | 0 |
_aEthnopsychology _zEgypt. |
|
| 651 | 0 |
_aEgypt _xReligion. |
|
| 655 | 7 |
_aElectronic books. _2local |
|
| 710 | 2 | _aebrary, Inc. | |
| 856 | 4 | 0 |
_uhttp://site.ebrary.com/lib/rucke/Doc?id=10443369 _zAn electronic book accessible through the World Wide Web; click to view |
| 999 |
_c246439 _d246439 |
||